Contemporary criminal law in Ghana / (Record no. 302)
[ view plain ]
| 000 -LEADER | |
|---|---|
| fixed length control field | 00567cam a2200193 i 4500 |
| 001 - CONTROL NUMBER | |
| control field | 20362567 |
| 005 - DATE AND TIME OF LATEST TRANSACTION | |
| control field | 20241028162540.0 |
| 008 - FIXED-LENGTH DATA ELEMENTS--GENERAL INFORMATION | |
| fixed length control field | 180220s2017 gh 001 0 eng |
| 020 ## - INTERNATIONAL STANDARD BOOK NUMBER | |
| International Standard Book Number | 9789988308094 |
| Qualifying information | Hardback |
| 050 00 - LIBRARY OF CONGRESS CALL NUMBER | |
| Classification number | KRX3800 |
| Item number | .A35 2020 |
| 100 1# - MAIN ENTRY--PERSONAL NAME | |
| Personal name | Adjei, Dennis Dominic, |
| Relator term | author. |
| 245 10 - TITLE STATEMENT | |
| Title | Contemporary criminal law in Ghana / |
| Statement of responsibility, etc. | Dennis Dominic Adjei. |
| 250 ## - EDITION STATEMENT | |
| Edition statement | Second Ed. |
| 260 ## - PUBLICATION, DISTRIBUTION, ETC. | |
| Place of publication, distribution, etc. | Ghana |
| Name of publisher, distributor, etc. | Dennis Dominic Adjei |
| Date of publication, distribution, etc. | 2020 |
| 300 ## - PHYSICAL DESCRIPTION | |
| Extent | xxix, 649 pages ; |
| Dimensions | 26 cm |
| 500 ## - GENERAL NOTE | |
| General note | Includes index. |
| 650 #0 - SUBJECT ADDED ENTRY--TOPICAL TERM | |
| Topical term or geographic name entry element | Criminal law |
| Geographic subdivision | Ghana. |
| 942 ## - ADDED ENTRY ELEMENTS (KOHA) | |
| Source of classification or shelving scheme | Library of Congress Classification |
| Koha item type | Books |
| Suppress in OPAC | No |
| 999 ## - | |
| -- | 302 |
| -- | 302 |
| Withdrawn status | Lost status | Source of classification or shelving scheme | Damaged status | Not for loan | Collection | Home library | Current library | Shelving location | Date acquired | Total checkouts | Full call number | Barcode | Date last seen | Copy number | Price effective from | Koha item type |
|---|---|---|---|---|---|---|---|---|---|---|---|---|---|---|---|---|
| Library of Congress Classification | Non-fiction | Law Library (Christ Temple) | Law Library (Christ Temple) | Reference | 05/12/2025 | KRX3800.A35 ADJ | LLCT00000639 | 05/12/2025 | 1 | 05/12/2025 | Books | |||||
| Library of Congress Classification | Non-fiction | Law Library (Miotso) | Law Library (Miotso) | Reference | 10/28/2024 | KRX3800.A35 ADJ | llm00000294 | 10/28/2024 | 1 | 10/28/2024 | Books | |||||
| Library of Congress Classification | Non-fiction | Law Library (Miotso) | Law Library (Miotso) | Reference | 10/28/2024 | KRX3800.A35 ADJ | llm00000295 | 10/28/2024 | 2 | 10/28/2024 | Books | |||||
| Library of Congress Classification | Non-fiction | Law Library (Miotso) | Law Library (Miotso) | Reference | 11/16/2024 | KRX3800.A35 ADJ | LLM00001020 | 11/16/2024 | 3 | 11/16/2024 | Books |